书目信息 |
| 书名: | Little women | |
| 作者: | Louisa May Alcott. | |
| 分册号: | ||
| 分册名: | 出版地: | New York : |
|
| 出版社: | Airmont | |
| 出版时间: | 1966. | |
| 页数: | 511 p. | |
| 开本: | ||
| 丛书名: | Classics serier | |
| 中图分类号: | ||
| 科图分类号: | ||
| 其他分类号: | H319.4 | |
| 主题词: | ||
| 电子资源: | ||
| 000 | 00504nam 22001937a 4500 | |
| 001 | E0733365360 | |
| 005 | 20070301091843.48 | |
| 008 | 031211s1966 nyua 00 0 eng d | |
| 020 | @cCNY1.50. | |
| 040 | @aNUL@cNUL | |
| 090 | @aK724.112/W1.1 | |
| 090 | @aH319.4 | |
| 099 | @dH319.4@ex280 | |
| 100 | 1 | @aAlcott, Louisa May,@d1832-1888. |
| 245 | 10 | @aLittle women / @cLouisa May Alcott. |
| 260 | @aNew York :@bAirmont,@c1966. | |
| 300 | @a511 p. | |
| 440 | 0 | @aClassics serier. |
| 920 | @a232010@z2 | |
| Little women / / Louisa May Alcott.-New York : : Airmont, , 1966. |
| 511 p.- (Classics serier. ) |
| ISBN CNY1.50. |
| ● |
| 相关链接 |
|
|
|
|
正题名:Little women
索取号:H319.4/x280
 
预约/预借
| 序号 | 登录号 | 条形码 | 馆藏地/架位号 | 状态 | 备注 |
| 1 | 106559 | 001429136 | 第四借阅区/ [索取号:H319.4/x280] | 在馆 | |
| 2 | 106560 | 001429181 | 第四借阅区/ [索取号:H319.4/x280] | 在馆 | |
| 3 | 106561 | 001429190 | 第二样本阅览室/ [索取号:H319.4/x280] | 在馆 |